Zich, Bernd. Studien zur regionalen und chronologischen Gliederung der nördlichen Aunjetitzer Kultur. - Berlin [u.a.] : de Gruyter. - 1996 [Rezension]
| Titel: | Zich, Bernd. Studien zur regionalen und chronologischen Gliederung der nördlichen Aunjetitzer Kultur. - Berlin [u.a.] : de Gruyter. - 1996 [Rezension] |
|---|---|
| Verfasser: | |
| In: |
Prähistorische Zeitschrift, Band 74 (1999), Seite 255-259 alle Artikel anzeigen |
| Veröffentlicht: | 1999 |
| Format: | Aufsatz |
| Sprache: | Englisch |
X
alg: 39504062
001A $01999:12-11-16
001B $01999:04-08-21 $t21:02:53.000
001D $01999:12-11-16
001U $0utf8
001X $00
002@ $0Aox
003@ $0395040620
007A $0395040620 $aHEB
007T $0Herd27310
010@ $aeng
011@ $a1999
021A $aZich, Bernd. Studien zur regionalen und chronologischen Gliederung der nördlichen Aunjetitzer Kultur. - Berlin {[u.a.] : de Gruyter. - 1996 [Rezension]
028A $aVandkilde $dHelle
031A $d74 $h255-259 $j1999
039B $aIn $8--Abvc--. Prähistorische Zeitschrift. - Berlin {[u.a.] : de Gruyter, 1909-. - ISSN 0079-4848 $x199900000740000745 $9047249722
039T $8--Aau--Zich, Bernd$Z1950- [Tp3]. Studien zur regionalen und chronologischen Gliederung der nördlichen Aunjetitzer Kultur. - Berlin {[u.a.] : de Gruyter, 1996. - IX, 738 S.. - Ill., graph. Darst., Kt.. - ISBN 3-11-014327-5 $905342638X
045F $a900.9438 $eDDC23BSB
045F/01 $a900
045F/03 $g438
045T $a6,11
lok: 39504062 78
exp: 39504062 78 1 #EPN
201B/01 $018-11-16 $t13:33:57.000
201U/01 $0utf8
203@/01 $0791339238
208@/01 $a12-11-16 $be
209A/01 $a/ $f000 $x00
220C/01 $aTitelaufnehmer: nk;gm
244Z/01 $2Trx $#Poola $#Lenkija $#Polija $#Polen Land $#Poland $#Lengyelország $#Poľsko $#Polsko $8--Trx--Polska$gkraj $x01 $9391345966
244Z/01 $2Trx $#arvustused $#recenzijos $#Reviews $#recenziók $#recenzje $#recenzie $#recenze $8--Trx--Rezensionen $x02 $9391357441
247C/01 $82080>Marburg/Lahn, Herder-Institut, Forschungsbibliothek, Bibliographieportal $9336309341
| LEADER | 00000caa a22000002c 4500 | ||
|---|---|---|---|
| 001 | 395040620 | ||
| 003 | DE-603 | ||
| 005 | 20210804210253.0 | ||
| 007 | tu | ||
| 008 | 161112s1999 xx |||| | u00||u|eng c | ||
| 035 | |a (DE-599)HEB395040620 | ||
| 040 | |a DE-603 |b ger |c DE-603 |d DE-603 | ||
| 041 | |a eng | ||
| 082 | 0 | 4 | |8 1\u |a 900.9438 |q DE-101 |2 23/BSB |
| 084 | |a 6,11 |2 ssgn | ||
| 085 | |8 1\u |b 900 | ||
| 085 | |8 1\u |z 2 |s 438 | ||
| 100 | 1 | |a Vandkilde, Helle | |
| 245 | 0 | 0 | |a Zich, Bernd. Studien zur regionalen und chronologischen Gliederung der nördlichen Aunjetitzer Kultur. - Berlin [u.a.] : de Gruyter. - 1996 [Rezension] |
| 264 | 0 | |c 1999 | |
| 773 | 0 | 8 | |i In |t Prähistorische Zeitschrift |d Berlin [u.a.] : de Gruyter, 1909- |x 0079-4848 |g Band 74 (1999), Seite 255-259 |w (DE-603)047249722 |w (DE-600)200096-9 |
| 787 | 0 | 8 | |i Rezension von |a Zich, Bernd, 1950- |t Studien zur regionalen und chronologischen Gliederung der nördlichen Aunjetitzer Kultur |d Berlin [u.a.] : de Gruyter, 1996 |h IX, 738 S., Ill., graph. Darst., Kt. |z 3110143275 |w (DE-603)05342638X |
| 924 | 0 | |9 2080 |a (DE-603)791339238 |b DE-2080 |c HES |d d |g / | |


